The Estate & house agent's complete assistant (Record no. 114213)

MARC details
000 -LEADER
fixed length control field 00588cam a22001695a 4500
001 - CONTROL NUMBER
control field L156366
008 - FIXED-LENGTH DATA ELEMENTS--GENERAL INFORMATION
fixed length control field 120515s1824 xxk f 000 0 eng d
035 ## - SYSTEM CONTROL NUMBER
System control number (Sirsi) u156366
041 0# - LANGUAGE CODE
Language code of text/sound track or separate title eng
245 04 - TITLE STATEMENT
Title The Estate & house agent's complete assistant
Remainder of title dedicated to the nobility, gentry and other landed proprietors...
260 ## - PUBLICATION, DISTRIBUTION, ETC.
Place of publication, distribution, etc. London
Name of publisher, distributor, etc. Printed for the Proprietors by R. Watts
Date of publication, distribution, etc. 1824
300 ## - PHYSICAL DESCRIPTION
Extent 476 p., [4] leaves of plates : ill.
Dimensions 24 cm.
583 ## - ACTION NOTE
Action Condition reviewed
Time/date of action 20120620
Status condition level 4
651 #4 - SUBJECT ADDED ENTRY--GEOGRAPHIC NAME
Geographic name Great Britain
Chronological subdivision 1707-
690 ## - LOCAL SUBJECT ADDED ENTRY--TOPICAL TERM (OCLC, RLIN)
Topical term or geographic name as entry element Sales
9 (RLIN) 6269
942 ## - ADDED ENTRY ELEMENTS (KOHA)
Suppress in OPAC 0
Holdings
Withdrawn status Lost status Damaged status Not for loan Home library Current library Shelving location Date acquired Total Checkouts Full call number Barcode Date last seen Copy number Price effective from Koha item type
        Historic collection Historic collection Historic collection 15/05/2012   LANDOWNING & ESTATE MANAGEMENT QUARTO 1824 ESTATE 30077905 20/08/2025 1 06/08/2019 Book